Procesos psicosociales en los contextos educativos
Uloženo v:
| Hlavní autoři: | , , |
|---|---|
| Médium: | Kniha |
| Jazyk: | španělština |
| Vydáno: |
Madrid
Pirámide
2002
|
| Edice: | Psicología
|
| Témata: | |
| Tagy: |
Přidat tag
Žádné tagy, Buďte první, kdo vytvoří štítek k tomuto záznamu!
|
MARC
| LEADER | 00000nam a2200000 a 4500 | ||
|---|---|---|---|
| 001 | UCK3008 | ||
| 003 | CL-VaPUC | ||
| 008 | 050408e20020000SP |||||||||||||||||spa|d | ||
| 020 | |a 8436817109 | ||
| 082 | 0 | 4 | |a 306.43 |b MAR |2 21 |
| 100 | |a Marín Sánchez, Manuel |e autor |9 594505 | ||
| 700 | 0 | |a Grau Gumbau, Rosa |e author |9 491015 | |
| 700 | 0 | |a Yubero Jiménez, Santiago |e author |9 491016 | |
| 245 | 1 | 0 | |a Procesos psicosociales en los contextos educativos |
| 300 | |a 254 p | ||
| 942 | |c BK | ||
| 945 | |d 20050408 00:00:00 |a cmena | ||
| 260 | |a Madrid |b Pirámide |c 2002 | ||
| 650 | 0 | |a Sociología de la educación |9 260380 | |
| 650 | 0 | |a Psicología educacional |9 307830 | |
| 650 | 0 | |a Grupos sociales |9 268887 | |
| 650 | 0 | |a Discriminación social |9 323032 | |
| 650 | 0 | |a Problemas sociales |9 258537 | |
| 583 | |a last modification |c 20050408 00:00:00 |k Rodrigo Vera | ||
| 490 | 0 | |a Psicología | |
| 999 | |c 312356 |d 312354 | ||
| 952 | |0 0 |1 0 |4 0 |6 306_430000000000000_MAR_2002 |7 0 |8 A |9 382528 |a BIBEDU |b BIBEDU |d 2019-11-21 |i 4108248 |l 3 |o 306.43 MAR 2002 |p 4108248 |r 2024-03-26 |s 2024-03-12 |w 2019-11-21 |y BK |k PSI | ||